Hospodářské plánování ČSR

Saved in:
Bibliographic Details
Format: Book
Language:Czech
Published: Praha Práce 1946
Tags: Add Tag
No Tags, Be the first to tag this record!

MARC

LEADER 00000nam a2200000 4500
001 0268146
005 20240822101711.4
041 0 |a cze 
044 |a CZ 
245 1 0 |a Hospodářské plánování ČSR  |c Bohuslav Glos 
264 1 |a Praha  |b Práce  |c 1946